| 000 | 01311cam a22003977a 4500 | ||
|---|---|---|---|
| 003 | CHAP | ||
| 005 | 20220817041001.0 | ||
| 008 | 971013s1990 r 00010 d | ||
| 010 | _a3956 | ||
| 011 | _a4928 | ||
| 035 | _a4133 | ||
| 040 | _cCHAP | ||
| 082 |
_a641.10913 _bF3Y |
||
| 110 | _aFAO | ||
| 245 | 0 |
_aUtilización de alimentos tropicales _b: raíces y tubérculos |
|
| 260 |
_aRoma : _bFAO, _c1990 |
||
| 300 | _a66 p | ||
| 490 | 0 |
_aFAO. Alimentación y nutrición _v; 47/2 |
|
| 590 |
_aBATCH-UPD _b10 _c20130110 _lUCH01 _h0117 |
||
| 590 |
_aBATCH-UPD _b10 _c20130110 _lUCH01 _h1059 |
||
| 590 |
_aBATCH-UPD _b10 _c20130409 _lUCH01 _h2110 |
||
| 590 |
_aBATCH-UPD _b10 _c20130410 _lUCH01 _h0653 |
||
| 590 |
_aBATCH-UPD _b10 _c20130914 _lUCH01 _h0117 |
||
| 590 |
_aCONVERSION _b10 _c20130109 _lUCH01 _h1303 |
||
| 650 | 1 | 4 |
_aAlimentos _xTrópicos. _94297 |
| 650 | 1 | 4 |
_aAlimentos _xValor nutritivo. _94298 |
| 650 | 1 | 4 |
_aÑame. _983291 |
| 650 | 1 | 4 |
_aPapa _xTrópicos. _985297 |
| 650 | 1 | 4 |
_aTubérculos y cultivos de raíz. _9115479 |
| 650 | 1 | 4 |
_aYuca _xTrópicos. _9123305 |
| 830 | 0 |
_aFAO. Alimentación y nutrición _v; 47/2 _939449 |
|
| 901 | _aBK | ||
| 942 | _cLIBRO | ||
| 949 |
_a641.10913 F3Y _bBC _cFAO _d-13665 _eFAO1 _h79502 _i4133 _mD _si |
||
| 949 |
_a641.10913 F3Y _bBC _cFAO _d-79010 _eFAO2 _fc.2 _h79645 _i4133 _mD _si |
||
| 999 |
_c3956 _d3956 |
||